[Event "GBR-ch 100th"]
[Site "Torquay"]
[Date "2013.07.29"]
[Round "1"]
[White "Anderson, John"]
[Black "Thompson, Robert"]
[Result "1/2-1/2"]
[WhiteElo "2189"]
[BlackElo "1978"]
[PlyCount "82"]
[EventDate "2013.07.29"]
[EventType "swiss"]
[EventRounds "11"]
[EventCountry "GBR"]
[Source "John Saunders"]
[SourceDate "2015.07.24"]

1. e4 g6 2. Nf3 Bg7 3. d4 c5 4. dxc5 Qa5+ 5. c3 Qxc5 6. Na3 Nf6 7. e5 Ng4 8.
Qd4 Qxd4 9. cxd4 Nc6 10. Bd3 O-O 11. O-O d6 12. h3 Nh6 13. exd6 exd6 14. Nb5
Nf5 15. Be3 Nxe3 16. fxe3 Bh6 17. e4 a6 18. Nxd6 Be3+ 19. Kh1 Nxd4 20. Rae1
Nxf3 21. Rxf3 Bc5 22. Nxc8 Raxc8 23. b3 f6 24. Bc4+ Kg7 25. Bd5 Rc7 26. Rc1
Rfc8 27. Rfc3 Bd6 28. Rxc7+ Rxc7 29. Rxc7+ Bxc7 30. Bxb7 a5 31. Kg1 Kf7 32.
Bd5+ Ke7 33. Kf2 Be5 34. Ke3 Kd6 35. Bg8 h6 36. Bf7 g5 37. Kf3 Kc5 38. Kg4 Kd4
39. Kf3 Kd3 40. Bc4+ Kd4 41. Bb5 h5 1/2-1/2

[Event "GBR-ch 100th"]
[Site "Torquay"]
[Date "2013.07.29"]
[Round "1"]
[White "Armstrong, Malcolm J"]
[Black "Mason, Donald"]
[Result "0-1"]
[WhiteElo "2014"]
[BlackElo "2204"]
[PlyCount "80"]
[EventDate "2013.07.29"]
[EventType "swiss"]
[EventRounds "11"]
[EventCountry "GBR"]
[Source "John Saunders"]
[SourceDate "2015.07.24"]

1. d4 e6 2. Nf3 f5 3. g3 Nf6 4. Bg2 Be7 5. O-O O-O 6. c4 d6 7. Nc3 Ne4 8. Qc2
Nxc3 9. Qxc3 a5 10. b3 Nc6 11. Bb2 Bf6 12. Rad1 Qe8 13. Qd2 e5 14. dxe5 dxe5
15. e4 Kh8 16. Rfe1 fxe4 17. Rxe4 Bf5 18. Ree1 Qh5 19. Qe3 Rfe8 20. Rd5 Nb4 21.
Nxe5 Nxd5 22. Bxd5 Bxe5 23. Bxe5 c6 24. Bg2 Qf7 25. f4 Red8 26. Bf1 a4 27. b4
h6 28. a3 Rd7 29. Qc3 Rad8 30. c5 Rd1 31. Bd6 Rxe1 32. Qxe1 Re8 33. Be5 Kh7 34.
Qc3 Qb3 35. Bxg7 Qxc3 36. Bxc3 Re3 37. Bb2 Rb3 38. Be5 Rxa3 39. Bc4 Re3 40. Kf2
Re4 0-1

[Event "GBR-ch 100th"]
[Site "Torquay"]
[Date "2013.07.29"]
[Round "1"]
[White "Broadley, Henry"]
[Black "Jaunooby, Ali Reza"]
[Result "1/2-1/2"]
[WhiteElo "1953"]
[BlackElo "2170"]
[PlyCount "107"]
[EventDate "2013.07.29"]
[EventType "swiss"]
[EventRounds "11"]
[EventCountry "GBR"]
[Source "John Saunders"]
[SourceDate "2015.07.24"]

1. d4 g6 2. e4 Bg7 3. Nf3 d6 4. h3 Nf6 5. Nc3 a6 6. a4 b6 7. Bc4 O-O 8. Qe2 e6
9. Bg5 h6 10. Bh4 Qd7 11. Rd1 Bb7 12. O-O Nh5 13. g4 Nf6 14. Qe3 Qc6 15. Bd3
Nbd7 16. Rfe1 Rae8 17. Bf1 e5 18. b4 Nxe4 19. Qxe4 d5 20. Qxd5 Qxd5 21. Nxd5
Bxd5 22. Nxe5 Nxe5 23. dxe5 Bc6 24. b5 axb5 25. axb5 Bb7 26. Bg3 Re7 27. f4
Rfe8 28. Re3 g5 29. Rde1 Rd7 30. Rd3 Rde7 31. Rde3 Rd7 32. Bd3 Bf8 33. Kh2 Bc5
34. R3e2 Bf3 35. Rd2 gxf4 36. Bh7+ Kxh7 37. Rxd7 fxg3+ 38. Kxg3 Ba8 39. Rxf7+
Kg6 40. Ref1 Be7 41. h4 h5 42. gxh5+ Kh6 43. Rd1 Rg8+ 44. Kf4 Bxh4 45. e6 Bg3+
46. Ke3 Bd6 47. e7 Re8 48. Rxd6+ cxd6 49. Rf6+ Kxh5 50. Rxd6 Rxe7+ 51. Kd4 Rb7
52. Rd8 Ra7 53. Rd6 Ra2 54. Kd3 1/2-1/2

[Event "GBR-ch 100th"]
[Site "Torquay"]
[Date "2013.07.29"]
[Round "1"]
[White "Burke, Mitchell R"]
[Black "Tavares, Shawn P"]
[Result "0-1"]
[WhiteElo "1971"]
[BlackElo "2178"]
[PlyCount "82"]
[EventDate "2013.07.29"]
[EventType "swiss"]
[EventRounds "11"]
[EventCountry "GBR"]
[Source "John Saunders"]
[SourceDate "2015.07.24"]

1. e4 e6 2. Qe2 c5 3. f4 Nc6 4. Nf3 g6 5. d3 Bg7 6. Nc3 Nge7 7. Qf2 d6 8. g3
Nd4 9. Bg2 O-O 10. O-O Bd7 11. Nd1 Qc7 12. Be3 Rac8 13. c3 Ndc6 14. d4 b6 15.
dxc5 dxc5 16. Qc2 Na5 17. Nf2 Nc4 18. Bc1 b5 19. b3 Nb6 20. e5 Bc6 21. Ng5 Nf5
22. Bxc6 Qxc6 23. Nge4 Rfd8 24. Qe2 h5 25. h3 h4 26. g4 Ne7 27. Ba3 Ned5 28.
Nd3 Nxc3 29. Nxc3 b4 30. Ne4 bxa3 31. Ndxc5 Nd5 32. Rac1 Qb6 33. Kh2 Nxf4 34.
Rxf4 Bxe5 35. Qf2 Qb8 36. Rf1 Rxc5 37. Nxc5 g5 38. Qe2 Bxf4+ 39. Kh1 Rd2 40.
Qe4 Qd6 41. b4 Rxa2 0-1

[Event "GBR-ch 100th"]
[Site "Torquay"]
[Date "2013.07.29"]
[Round "1"]
[White "Girdlestone, Paul C"]
[Black "Wang, Maria"]
[Result "0-1"]
[WhiteElo "2155"]
[BlackElo "1817"]
[PlyCount "90"]
[EventDate "2013.07.29"]
[EventType "swiss"]
[EventRounds "11"]
[EventCountry "GBR"]
[Source "John Saunders"]
[SourceDate "2015.07.24"]

1. Nf3 Nf6 2. g3 g6 3. Bg2 Bg7 4. c4 d6 5. Nc3 O-O 6. d4 Nbd7 7. O-O e5 8. e3
Re8 9. b3 c6 10. Qc2 Qc7 11. Bb2 Rb8 12. Rac1 b6 13. Rfd1 Bb7 14. b4 Rbc8 15.
Qb3 a6 16. a4 exd4 17. exd4 d5 18. c5 bxc5 19. bxc5 Rb8 20. Re1 Bc8 21. Qc2 Nf8
22. Rxe8 Nxe8 23. Re1 Bf5 24. Qe2 Nf6 25. Bc1 Ne6 26. Qxa6 Ne4 27. Nxe4 Bxe4
28. Ng5 Nxg5 29. Bxg5 Bxd4 30. Bxe4 dxe4 31. Rxe4 Bxc5 32. Qc4 Bd6 33. Kg2 Qd7
34. Rd4 Qc7 35. Rxd6 Qxd6 36. Bf4 Rb4 37. Bxd6 Rxc4 38. a5 Ra4 39. Bc7 Kf8 40.
Kf3 Ke7 41. Ke2 Ke6 42. Kd3 Kd5 43. Kc3 Kc5 44. Kb3 Kb5 45. Kc3 Ra2 0-1

[Event "GBR-ch 100th"]
[Site "Torquay"]
[Date "2013.07.29"]
[Round "1"]
[White "Graham, David Bruce"]
[Black "Emery, Keith"]
[Result "1-0"]
[WhiteElo "2165"]
[BlackElo "1906"]
[PlyCount "49"]
[EventDate "2013.07.29"]
[EventType "swiss"]
[EventRounds "11"]
[EventCountry "GBR"]
[Source "John Saunders"]
[SourceDate "2015.07.24"]

1. e4 Nf6 2. e5 Nd5 3. Nc3 c6 4. Nxd5 cxd5 5. d4 d6 6. f4 dxe5 7. fxe5 e6 8.
Nf3 b6 9. c3 Be7 10. Bd3 h6 11. O-O Bg5 12. Nxg5 hxg5 13. Qf3 Qe7 14. Qg3 f6
15. Bxg5 fxg5 16. Bg6+ Kd8 17. Rf7 Nc6 18. Rxe7 Nxe7 19. Bd3 g6 20. Qxg5 Bd7
21. Rf1 Be8 22. Qf6 Rg8 23. Qxe6 Bd7 24. Qd6 Rc8 25. e6 1-0

[Event "GBR-ch 100th"]
[Site "Torquay"]
[Date "2013.07.29"]
[Round "1"]
[White "Kalaiyalahan, Akshaya"]
[Black "Yeo, Michael J"]
[Result "0-1"]
[WhiteElo "1920"]
[BlackElo "2170"]
[PlyCount "98"]
[EventDate "2013.07.29"]
[EventType "swiss"]
[EventRounds "11"]
[EventCountry "GBR"]
[Source "John Saunders"]
[SourceDate "2015.07.24"]

1. d4 Nf6 2. Nf3 g6 3. g3 Bg7 4. c4 d5 5. cxd5 Nxd5 6. Bg2 Nb6 7. O-O Nc6 8. e3
O-O 9. Nc3 Re8 10. Qc2 Bf5 11. e4 Bg4 12. d5 Bxf3 13. dxc6 Bxg2 14. cxb7 Bxf1
15. bxa8=R Qxa8 16. Kxf1 Qc6 17. Bd2 Nc4 18. Be1 Rb8 19. b3 Nd6 20. Rc1 Bxc3
21. Bxc3 Nxe4 22. Bd4 Qxc2 23. Rxc2 Rb7 24. Re2 f5 25. f3 c5 26. Be3 Nc3 27.
Rc2 Nd5 28. Bxc5 Rc7 29. Ke2 e5 30. Rc4 Kf7 31. Bd6 Rxc4 32. bxc4 Nc3+ 33. Kd3
Nxa2 34. Kc2 Ke6 35. Bc5 a5 36. Bb6 Nb4+ 37. Kc3 Nc6 38. f4 e4 39. Be3 Kd6 40.
Bb6 h6 41. h4 a4 42. Kb2 Nb4 43. Ka3 Nc2+ 44. Kb2 Kc6 45. Bg1 Ne1 46. Kc3 a3
47. Bd4 a2 48. Kb2 a1=Q+ 49. Kxa1 Nc2+ 0-1

[Event "GBR-ch 100th"]
[Site "Torquay"]
[Date "2013.07.29"]
[Round "1"]
[White "Murphy, Hugh"]
[Black "Balaji, Ananthanarayanan"]
[Result "1-0"]
[WhiteElo "2170"]
[BlackElo "1946"]
[PlyCount "33"]
[EventDate "2013.07.29"]
[EventType "swiss"]
[EventRounds "11"]
[EventCountry "GBR"]
[Source "John Saunders"]
[SourceDate "2015.07.24"]

1. e4 e5 2. Nf3 Nc6 3. Nc3 Nf6 4. d4 exd4 5. Nxd4 Bb4 6. Nxc6 bxc6 7. Bd3 d5 8.
exd5 cxd5 9. O-O O-O 10. Bg5 c6 11. Qf3 Be7 12. Rae1 h6 13. Bxh6 gxh6 14. Qe3
Rb8 15. Qxh6 Rb4 16. Re5 Rg4 17. Rh5 1-0

[Event "GBR-ch 100th"]
[Site "Torquay"]
[Date "2013.07.29"]
[Round "1"]
[White "Owens, Megan R"]
[Black "Duff, Rufus"]
[Result "1/2-1/2"]
[WhiteElo "1852"]
[BlackElo "2157"]
[PlyCount "105"]
[EventDate "2013.07.29"]
[EventType "swiss"]
[EventRounds "11"]
[EventCountry "GBR"]
[Source "John Saunders"]
[SourceDate "2015.07.24"]

1. c4 e6 2. g3 d5 3. d4 Nf6 4. Nf3 c6 5. Qc2 Nbd7 6. Bg2 Be7 7. O-O O-O 8. Nbd2
b6 9. e4 Bb7 10. Rd1 Rc8 11. e5 Ne8 12. Nf1 dxc4 13. Qxc4 Nc7 14. Be3 Nd5 15.
Rac1 c5 16. Qe2 cxd4 17. Bxd4 Rxc1 18. Rxc1 Qa8 19. Ne3 Rc8 20. Rxc8+ Qxc8 21.
Qc2 Nxe3 22. Qxc8+ Bxc8 23. Bxe3 h5 24. Bd4 Bc5 25. Bc3 b5 26. b3 b4 27. Bb2
Ba6 28. Bf1 Bb7 29. Nd2 Bb6 30. Nc4 Be4 31. Nxb6 Nxb6 32. a3 bxa3 33. Bxa3 Kh7
34. Bd6 Bb7 35. Bd3+ Kh6 36. h4 a6 37. Bc5 Nd5 38. Be4 g6 39. f4 Bc6 40. Bxd5
Bxd5 41. b4 Kg7 42. Kf2 f6 43. Ke3 fxe5 44. fxe5 Kf7 45. Kf4 Ke8 46. Kg5 Be4
47. g4 hxg4 48. Kxg4 Bd3 49. Kf4 Kd7 50. Ke3 Bf1 51. Kd4 Kc6 52. Bd6 Kb5 53.
Be7 1/2-1/2

[Event "GBR-ch 100th"]
[Site "Torquay"]
[Date "2013.07.29"]
[Round "1"]
[White "Shaw, Peter"]
[Black "Hoare, Amy B"]
[Result "1-0"]
[WhiteElo "2164"]
[BlackElo "1873"]
[PlyCount "95"]
[EventDate "2013.07.29"]
[EventType "swiss"]
[EventRounds "11"]
[EventCountry "GBR"]
[Source "John Saunders"]
[SourceDate "2015.07.24"]

1. d4 Nf6 2. c4 g6 3. Nc3 d5 4. cxd5 Nxd5 5. Bd2 Bg7 6. e4 Nxc3 7. Bxc3 c5 8.
d5 Bxc3+ 9. bxc3 Qa5 10. Qd2 Nd7 11. c4 Qxd2+ 12. Kxd2 O-O 13. f4 e6 14. Nf3
Re8 15. e5 f6 16. d6 g5 17. fxg5 Nxe5 18. Nxe5 fxe5 19. Ke3 Bd7 20. Bd3 Ba4 21.
Rab1 b6 22. Rb2 Rad8 23. Rd2 Rd7 24. g6 hxg6 25. Bxg6 Red8 26. Rf1 Rxd6 27.
Rxd6 Rxd6 28. g4 Kg7 29. Bh5 Rd4 30. Rf7+ Kh6 31. Rf6+ Kg7 32. Rxe6 Rxc4 33.
Rxe5 Bd1 34. h3 a6 35. Re4 Rc2 36. Kf4 c4 37. Kg5 Re2 38. Rxc4 Re5+ 39. Kf4 Rd5
40. Rc7+ Kf8 41. Bg6 b5 42. Bf5 b4 43. h4 a5 44. h5 Rd2 45. h6 Rxa2 46. h7 Rh2
47. g5 b3 48. g6 1-0

[Event "GBR-ch 100th"]
[Site "Torquay"]
[Date "2013.07.29"]
[Round "1"]
[White "Taylor, Adam C"]
[Black "Harvey, Marcus Ross"]
[Result "1/2-1/2"]
[WhiteElo "2001"]
[BlackElo "2202"]
[PlyCount "57"]
[EventDate "2013.07.29"]
[EventType "swiss"]
[EventRounds "11"]
[EventCountry "GBR"]
[Source "John Saunders"]
[SourceDate "2015.07.24"]

1. c4 e6 2. g3 d5 3. Bg2 Nf6 4. Nf3 Be7 5. O-O O-O 6. d4 dxc4 7. Ne5 c5 8. dxc5
Bxc5 9. Qc2 Qe7 10. Nd2 Nbd7 11. Ndxc4 Nxe5 12. Nxe5 Qc7 13. Be3 Bd6 14. Qxc7
Bxc7 15. Nd3 Nd5 16. Bxd5 exd5 17. Rac1 Bd8 18. Nf4 Be6 19. Rfd1 Bg5 20. Nxe6
Bxe3 21. Nxf8 Bxc1 22. Rxc1 Kxf8 23. Rc7 Re8 24. e3 Re7 25. Rc8+ Re8 26. Rc5
Re5 27. Rc7 Re7 28. Rc8+ Re8 29. Rc5 1/2-1/2

[Event "GBR-ch 100th"]
[Site "Torquay"]
[Date "2013.07.29"]
[Round "1"]
[White "Thorpe, Thomas"]
[Black "Homer, Stephen J"]
[Result "0-1"]
[WhiteElo "1875"]
[BlackElo "2165"]
[PlyCount "84"]
[EventDate "2013.07.29"]
[EventType "swiss"]
[EventRounds "11"]
[EventCountry "GBR"]
[Source "John Saunders"]
[SourceDate "2015.07.24"]

1. e4 c5 2. Nf3 d6 3. d4 cxd4 4. Nxd4 Nf6 5. Nc3 Nc6 6. h3 e5 7. Nf3 h6 8. Bc4
Be7 9. Be3 O-O 10. Qd2 Na5 11. Bb3 Kh7 12. g4 Nxb3 13. axb3 Rh8 14. O-O-O Qa5
15. Kb1 Qb4 16. g5 hxg5 17. Nxg5+ Kg8 18. Rdg1 a5 19. Qd3 Bd7 20. Nd5 Nxd5 21.
exd5 Bxg5 22. Bxg5 Kf8 23. Qg3 Ke8 24. f4 a4 25. fxe5 axb3 26. Qxb3 Qxb3 27.
cxb3 Bf5+ 28. Kc1 Rc8+ 29. Kd1 dxe5 30. Rg3 f6 31. Bd2 Kf7 32. Rhg1 g6 33. Bc3
Rcd8 34. Ke2 Rxd5 35. b4 Rxh3 36. Rxh3 Bxh3 37. Rg3 Bd7 38. Rg2 f5 39. Rh2 Bc6
40. Rh7+ Kf6 41. Rh8 Kg5 42. Be1 f4 0-1

[Event "GBR-ch 100th"]
[Site "Torquay"]
[Date "2013.07.29"]
[Round "1"]
[White "Walker, Samuel"]
[Black "Rayner, Francis"]
[Result "1/2-1/2"]
[WhiteElo "1978"]
[BlackElo "2186"]
[PlyCount "39"]
[EventDate "2013.07.29"]
[EventType "swiss"]
[EventRounds "11"]
[EventCountry "GBR"]
[Source "John Saunders"]
[SourceDate "2015.07.24"]

1. c4 g6 2. g3 Bg7 3. Bg2 d6 4. Nc3 Nf6 5. Rb1 O-O 6. e3 c6 7. Nge2 d5 8. cxd5
cxd5 9. d4 Nc6 10. O-O Bf5 11. Ra1 g5 12. Nxd5 Nxd5 13. e4 Be6 14. Bxg5 Qa5 15.
Bd2 Qd8 16. exd5 Bxd5 17. Bxd5 Qxd5 18. Bc3 Rad8 19. Re1 Rfe8 20. Nf4 1/2-1/2

[Event "GBR-ch 100th"]
[Site "Torquay"]
[Date "2013.07.29"]
[Round "1"]
[White "Weller, Jean Luc"]
[Black "Oyama, Akito"]
[Result "1-0"]
[WhiteElo "2172"]
[BlackElo "1966"]
[PlyCount "161"]
[EventDate "2013.07.29"]
[EventType "swiss"]
[EventRounds "11"]
[EventCountry "GBR"]
[Source "John Saunders"]
[SourceDate "2015.07.24"]

1. d4 f5 2. Bg5 h6 3. Bh4 g5 4. e3 Nf6 5. Bg3 Bg7 6. h4 g4 7. Ne2 O-O 8. Nbc3
b6 9. Nf4 e6 10. d5 e5 11. Ng6 d6 12. Nxf8 Qxf8 13. h5 Qf7 14. Bh4 Nxh5 15. Be2
Nf6 16. f3 gxf3 17. gxf3 Nbd7 18. Qd2 e4 19. fxe4 Nxe4 20. Nxe4 fxe4 21. O-O-O
Ne5 22. Qb4 Bf5 23. Rdf1 c5 24. dxc6 Qxa2 25. Qb3+ Qxb3 26. cxb3 Be6 27. Rhg1
Rc8 28. Bf6 Rxc6+ 29. Bc4 Ng4 30. Rxg4 Rxc4+ 31. bxc4 Bxg4 32. Be7 Be2 33. Rf4
Bxc4 34. Rxe4 d5 35. Rf4 Be5 36. Rf5 Bg3 37. Kc2 Kh7 38. b3 Be2 39. Rxd5 h5 40.
Rd4 Kg6 41. Kd2 Bg4 42. Bd6 Bxd6 43. Rxd6+ Kg5 44. Ke1 Kf5 45. Kf2 Ke5 46. Rd8
Be6 47. b4 a5 48. bxa5 bxa5 49. Ra8 h4 50. Rxa5+ Bd5 51. Ra4 h3 52. Kg3 Bg2 53.
Rh4 Kf5 54. Rh8 Ke4 55. Re8+ Kf5 56. Re7 Kf6 57. Ra7 Kf5 58. Ra5+ Ke6 59. Rh5
Kf6 60. Kf4 Kg6 61. Rh4 Bf1 62. e4 Kf6 63. e5+ Ke6 64. Rh6+ Ke7 65. Ke4 Bc4 66.
Rxh3 Ke6 67. Rh6+ Ke7 68. Kd4 Ba2 69. Rb6 Bg8 70. Rb7+ Ke6 71. Ke4 Bh7+ 72. Kf4
Bd3 73. Rb6+ Ke7 74. Rb3 Bc2 75. Rb7+ Ke6 76. Rc7 Bd3 77. Ke3 Bb1 78. Kd4 Ba2
79. Rb7 Kf5 80. Rb6 Be6 81. Rd6 1-0

[Event "GBR-ch 100th"]
[Site "Torquay"]
[Date "2013.07.30"]
[Round "2"]
[White "Balaji, Ananthanarayanan"]
[Black "Smith, Andrew Philip"]
[Result "1-0"]
[WhiteElo "1946"]
[BlackElo "2110"]
[PlyCount "77"]
[EventDate "2013.07.29"]
[EventType "swiss"]
[EventRounds "11"]
[EventCountry "GBR"]
[Source "John Saunders"]
[SourceDate "2015.07.24"]

1. e4 e5 2. Nf3 Nc6 3. Bb5 g6 4. O-O Bg7 5. Nc3 Nge7 6. d3 O-O 7. Be3 d6 8. h3
h6 9. d4 a6 10. Bxc6 Nxc6 11. dxe5 Nxe5 12. Nxe5 Bxe5 13. Bxh6 Re8 14. Qf3 Qh4
15. Bd2 c6 16. Qd3 d5 17. Rfe1 Be6 18. Qf3 d4 19. Ne2 g5 20. g4 Rad8 21. Kg2 d3
22. cxd3 Bxb2 23. Rab1 Be5 24. Rxb7 Bxa2 25. Ng3 Bxg3 26. fxg3 Qh6 27. Rf1 Qg6
28. Bc3 c5 29. Ba1 Rf8 30. Qf5 Qxf5 31. Rxf5 Rxd3 32. Rxg5+ Kh7 33. Rg7+ Kh6
34. g5+ Kh5 35. Rh7+ Kxg5 36. h4+ Kg6 37. Rg7+ Kh5 38. Rg5+ Kh6 39. Bg7+ 1-0

[Event "GBR-ch 100th"]
[Site "Torquay"]
[Date "2013.07.30"]
[Round "2"]
[White "Burnett, Jim"]
[Black "Burke, Mitchell R"]
[Result "1/2-1/2"]
[WhiteElo "2117"]
[BlackElo "1971"]
[PlyCount "42"]
[EventDate "2013.07.29"]
[EventType "swiss"]
[EventRounds "11"]
[EventCountry "GBR"]
[Source "John Saunders"]
[SourceDate "2015.07.24"]

1. d4 Nf6 2. c4 g6 3. g3 Bg7 4. Bg2 O-O 5. Nc3 d6 6. Nf3 Nbd7 7. O-O e5 8. e4
exd4 9. Nxd4 Re8 10. h3 a6 11. Re1 Rb8 12. Rb1 Ne5 13. b3 c5 14. Nde2 b5 15.
cxb5 axb5 16. f4 Ned7 17. b4 cxb4 18. Rxb4 Qa5 19. a3 Bf8 20. Nd5 Nxd5 21. exd5
Nc5 1/2-1/2

[Event "GBR-ch 100th"]
[Site "Torquay"]
[Date "2013.07.30"]
[Round "2"]
[White "Coates, David H"]
[Black "Richardson, Alex"]
[Result "1-0"]
[WhiteElo "2046"]
[BlackElo "2149"]
[PlyCount "89"]
[EventDate "2013.07.29"]
[EventType "swiss"]
[EventRounds "11"]
[EventCountry "GBR"]
[Source "John Saunders"]
[SourceDate "2015.07.24"]

1. d4 Nf6 2. c4 e6 3. Nc3 Bb4 4. Qc2 O-O 5. a3 Bxc3+ 6. Qxc3 Qe8 7. f3 d6 8. e4
e5 9. Be3 a5 10. b3 Nfd7 11. Bd3 exd4 12. Bxd4 Ne5 13. Bxe5 dxe5 14. Ne2 c5 15.
O-O Nc6 16. f4 exf4 17. Nxf4 Qe5 18. Qxe5 Nxe5 19. Be2 Ra6 20. Nd5 Rh6 21. g3
Re8 22. b4 Nc6 23. bxc5 Nd4 24. Bd3 Nb3 25. Rad1 Bg4 26. Rb1 Nxc5 27. Rf4 Bc8
28. Bc2 Ne6 29. Rf2 Nd4 30. Bd3 Rc6 31. Re1 Bg4 32. Kg2 Rh6 33. h4 Nc6 34. c5
Ne5 35. Bb5 Bd7 36. Rb2 Bc6 37. Reb1 Nd7 38. Bxc6 bxc6 39. Nf4 Rf6 40. Rb7 Nf8
41. Rb8 Rxe4 42. Ra8 g5 43. hxg5 Rfxf4 44. gxf4 Kg7 45. Rbb8 1-0

[Event "GBR-ch 100th"]
[Site "Torquay"]
[Date "2013.07.30"]
[Round "2"]
[White "Emery, Keith"]
[Black "Surtees, Michael"]
[Result "0-1"]
[WhiteElo "1906"]
[BlackElo "2106"]
[PlyCount "94"]
[EventDate "2013.07.29"]
[EventType "swiss"]
[EventRounds "11"]
[EventCountry "GBR"]
[Source "John Saunders"]
[SourceDate "2015.07.24"]

1. e4 c6 2. Nf3 f6 3. d4 d6 4. Bc4 e6 5. e5 fxe5 6. dxe5 d5 7. Bd3 Qc7 8. O-O
g6 9. Bf4 Bg7 10. Nbd2 Ne7 11. Re1 a5 12. Nb3 c5 13. Bb5+ Bd7 14. Bxd7+ Nxd7
15. Ng5 Ra6 16. Qg4 Qb6 17. Nxa5 Nf8 18. Nb3 Ra4 19. Qf3 h6 20. Nxc5 Rxf4 21.
Qxf4 hxg5 22. Qa4+ Kf7 23. Nd3 Rh4 24. Qb3 Qc7 25. Re3 Nd7 26. Rf3+ Nf5 27. Re1
Rc4 28. c3 g4 29. Rf4 Rxf4 30. Nxf4 Bxe5 31. Nxe6 Kxe6 32. Qd1 Qc4 33. f3 Qf4
34. fxg4 Qxh2+ 35. Kf1 Ng3+ 36. Kf2 Ne4+ 37. Rxe4 Qg3+ 38. Kf1 dxe4 39. Qb3+
Kf6 40. Qxb7 Qxg4 41. Qc8 Qd1+ 42. Kf2 Qd2+ 43. Kf1 e3 44. Qh8+ Kf7 45. Qh7+
Bg7 46. Qh4 e2+ 47. Kg1 e1=Q+ 0-1

[Event "GBR-ch 100th"]
[Site "Torquay"]
[Date "2013.07.30"]
[Round "2"]
[White "Freeman, Richard"]
[Black "Wadsworth, Matthew J"]
[Result "0-1"]
[WhiteElo "2030"]
[BlackElo "2136"]
[PlyCount "100"]
[EventDate "2013.07.29"]
[EventType "swiss"]
[EventRounds "11"]
[EventCountry "GBR"]
[Source "John Saunders"]
[SourceDate "2015.07.24"]

1. d4 d5 2. Bg5 h6 3. Bh4 Nd7 4. Nf3 Ngf6 5. e3 e6 6. Bd3 Be7 7. Nbd2 b6 8. Qe2
c5 9. c3 Bb7 10. e4 dxe4 11. Nxe4 O-O 12. O-O Nxe4 13. Bxe4 Bxe4 14. Qxe4 Bxh4
15. Nxh4 Nf6 16. Qe2 cxd4 17. Rad1 Qd5 18. b3 e5 19. cxd4 exd4 20. Nf3 Rfe8 21.
Qa6 Re4 22. Rd3 Nd7 23. b4 Ne5 24. Nxe5 Qxe5 25. h3 Re1 26. Rd1 Rxf1+ 27. Qxf1
Rd8 28. Qa6 Qc7 29. Qe2 Qd6 30. a3 d3 31. Qd2 Re8 32. g3 Qd4 33. Kg2 Qe4+ 34.
Kg1 Qf3 35. Rf1 Re2 36. Qc3 Qf5 37. Qc4 Rc2 38. Qd4 d2 39. Rd1 Qf3 40. Rf1 Qe2
41. Qd8+ Kh7 42. Qd7 Qf3 43. Qd4 g6 44. a4 Qe2 45. Qd7 Qe6 46. Qd3 Qf5 47. Qb3
Rc1 48. Rd1 Qe6 49. Qf3 Rxd1+ 50. Qxd1 Qe1+ 0-1

[Event "GBR-ch 100th"]
[Site "Torquay"]
[Date "2013.07.30"]
[Round "2"]
[White "Hackner, Oskar A"]
[Black "Girdlestone, Paul C"]
[Result "1-0"]
[WhiteElo "2063"]
[BlackElo "2155"]
[PlyCount "83"]
[EventDate "2013.07.29"]
[EventType "swiss"]
[EventRounds "11"]
[EventCountry "GBR"]
[Source "John Saunders"]
[SourceDate "2015.07.24"]

1. d4 Nf6 2. c4 e6 3. Nc3 Bb4 4. f3 c5 5. d5 b5 6. e4 bxc4 7. Bxc4 exd5 8. Bxd5
Nxd5 9. Qxd5 Nc6 10. Nge2 Ba6 11. Kf2 O-O 12. Rd1 Rb8 13. Qxd7 Qh4+ 14. Ng3 Nd4
15. Nd5 Rfd8 16. Qe7 Qxe7 17. Nxe7+ Kf8 18. Nd5 Nc2 19. Bf4 Nxa1 20. Bxb8 Rxb8
21. Rxa1 Bd2 22. b3 c4 23. Nc7 Bc8 24. bxc4 Rb2 25. Ne2 Bc3 26. Rd1 Rxa2 27.
Rd8+ Ke7 28. Rxc8 Kd7 29. Rf8 Kxc7 30. Rxf7+ Kc6 31. Ke3 Ba1 32. Nd4+ Kc5 33.
Nb3+ Kxc4 34. Nxa1 Rxa1 35. Rc7+ Kb5 36. Rxg7 Kb6 37. Kd4 Rc1 38. Rg8 Kb7 39.
f4 a5 40. Rg3 Ka6 41. f5 Kb5 42. f6 1-0

[Event "GBR-ch 100th"]
[Site "Torquay"]
[Date "2013.07.30"]
[Round "2"]
[White "Haria, Ravi"]
[Black "Martin, Lewis"]
[Result "1-0"]
[WhiteElo "2133"]
[BlackElo "2043"]
[PlyCount "87"]
[EventDate "2013.07.29"]
[EventType "swiss"]
[EventRounds "11"]
[EventCountry "GBR"]
[Source "John Saunders"]
[SourceDate "2015.07.24"]

1. e4 Nf6 2. e5 Nd5 3. d4 d6 4. Nf3 Bg4 5. Be2 e6 6. O-O Be7 7. c4 Nb6 8. Nc3
Nc6 9. exd6 cxd6 10. d5 exd5 11. Nxd5 O-O 12. Be3 Nxd5 13. Qxd5 Bf6 14. Qd2 Qa5
15. Rfd1 Rfd8 16. h3 Be6 17. Nd4 Qxd2 18. Rxd2 Nxd4 19. Bxd4 Bg5 20. Rdd1 b6
21. Bf3 Rac8 22. b3 d5 23. cxd5 Bxd5 24. Bxb6 Bxf3 25. Bxd8 Bxd1 26. Bxg5 Bh5
27. b4 f6 28. Be3 a6 29. Bc5 Be8 30. Rd1 Kf7 31. h4 Rc6 32. Rd8 Re6 33. Ra8 Kg6
34. Ra7 Kf5 35. Rxg7 Bg6 36. Rd7 Re1+ 37. Kh2 Ra1 38. Rd5+ Kg4 39. Rd4+ Kf5 40.
g4+ Ke5 41. f4+ Ke6 42. Rd6+ Kf7 43. Rxa6 Be4 44. Rxf6+ 1-0

[Event "GBR-ch 100th"]
[Site "Torquay"]
[Date "2013.07.30"]
[Round "2"]
[White "Hegarty, Sarah"]
[Black "Brusey, Alan"]
[Result "1-0"]
[WhiteElo "2124"]
[BlackElo "2020"]
[PlyCount "81"]
[EventDate "2013.07.29"]
[EventType "swiss"]
[EventRounds "11"]
[EventCountry "GBR"]
[Source "John Saunders"]
[SourceDate "2015.07.24"]

1. e4 e6 2. d4 d5 3. Nc3 Bb4 4. e5 c5 5. a3 Bxc3+ 6. bxc3 Ne7 7. h4 Nbc6 8. h5
Qa5 9. Bd2 Qa4 10. Nf3 cxd4 11. cxd4 Nxd4 12. Bd3 h6 13. Kf1 Nxf3 14. Qxf3 Bd7
15. Qg3 Nf5 16. Bxf5 exf5 17. Qxg7 O-O-O 18. Qf6 Qd4 19. Rd1 Bb5+ 20. Kg1 Be2
21. Rh4 Qxh4 22. Qxh4 Bxd1 23. Qd4 b6 24. Qd3 Kb7 25. Qxf5 d4 26. f3 d3 27.
Qxf7+ Kb8 28. cxd3 Rxd3 29. Bb4 Bb3 30. e6 a5 31. Qf4+ Ka7 32. Qc7+ Ka6 33. Bc3
Rg8 34. e7 Rd1+ 35. Kf2 Rc1 36. Qd8 Rc2+ 37. Bd2 Rc8 38. Qd7 Bf7 39. a4 Rc5 40.
Qd3+ Ka7 41. Qh7 1-0

[Event "GBR-ch 100th"]
[Site "Torquay"]
[Date "2013.07.30"]
[Round "2"]
[White "Hoare, Amy B"]
[Black "Warman, Simon M"]
[Result "1-0"]
[WhiteElo "1873"]
[BlackElo "2093"]
[PlyCount "53"]
[EventDate "2013.07.29"]
[EventType "swiss"]
[EventRounds "11"]
[EventCountry "GBR"]
[Source "John Saunders"]
[SourceDate "2015.07.24"]

1. e4 c5 2. Nf3 e6 3. c3 d5 4. e5 d4 5. Bd3 Nc6 6. O-O Nge7 7. Re1 Ng6 8. g3 b6
9. Be4 Bb7 10. d3 Qc7 11. h4 O-O-O 12. Qe2 Ba6 13. Bg5 Rd7 14. h5 Ngxe5 15. Bf4
Bd6 16. Bxe5 Nxe5 17. cxd4 cxd4 18. Nbd2 Nxf3+ 19. Bxf3 Kd8 20. Rac1 Qb8 21.
Bc6 Rc7 22. Qg4 Ke7 23. Rxe6+ Kf8 24. Rxd6 Qc8 25. Qxd4 Qf5 26. Rd8+ Ke7 27.
Qd6# 1-0